Actividad física para personas con discapacidades (Registro nro. 310272)

Detalles MARC
000 -ENCABEZADO
Número de control [NR] 00989cam a2200301Mc 4500
001 - NÚMERO DE CONTROL
control field ocn864277518
005 - FECHA Y HORA DE LA ÚLTIMA TRANSACCIÓN
control field 20180810112257.0
008 - DE LONGITUD FIJA DE DATOS DE ELEMENTOS - INFORMACIÓN GENERAL
Elementos de longitud fija [NR] 130614s2013 sp a 000 0 spa d
015 ## - NUMERO DE BIBLIOGRAFIA NACIONAL [R]
Número de bibliografía nacional [R] MON1306
017 ## - NUMERO DEL REGISTRO DE DERECHOS DE AUTOR O DEL DEPOSITO LEGAL [R]
Número de registro de derechos de autor (“copyright”) [R] SE 554-2013
Agencia que asigna el número [NR] Oficina Depósito Legal Sevilla
020 ## - NUMERO INTERNACIONAL NORMALIZADO PARA LIBROS [R]
Número Internacional Normalizado del libro [NR] 9788499933146
020 ## - NUMERO INTERNACIONAL NORMALIZADO PARA LIBROS [R]
Número Internacional Normalizado del libro [NR] 8499933149
029 0# - OTRO SISTEMA DE NÚMERO DE CONTROL (OCLC)
OCLC library identifier BNM
System control number a5364850
029 1# - OTRO SISTEMA DE NÚMERO DE CONTROL (OCLC)
OCLC library identifier ESLEO
System control number .b17794195
035 ## - NUMERO DE CONTROL DEL SISTEMA [R]
Número de control del sistema [NR] (OCoLC)864277518
040 ## - FUENTE DE CATALOGACION [NR]
Agencia de catalogación original [NR] Co-BoUCM
Idioma de catalogación [NR] spa
Quien Cataloga Saul Niño
Quien Clasifica Saul Niño
041 0# - CODIGO DE IDIOMA [R]
Código de idioma para texto/pista de sonido o título separado [R] Español
060 ## - SIGNATURA TOPOGRAFICA DE LA BIBLIOTECA NACIONAL DE MEDICINA (NLM) [R]
Número clasificador [R] QT 255
100 1# - ASIENTO PRINCIPAL--NOMBRE PERSONAL [NR]
Nombre personal [NR] Carreras Duaigües, Josep
ID Autoridad 93309
245 10 - MENCION DE TITULO [NR]
Título [NR] Actividad física para personas con discapacidades
Mención de responsabilidad, etc. [NR] Josep Carreras Duaigües
260 ## - PUBLICACION, DISTRIBUCION, ETC. (PIE DE IMPRENTA) [R]
Lugar de publicación, distribución, etc. [R] Sevilla
Nombre del editor, distribuidor, etc. [R] Wanceulen
Fecha de publicación, distribución, etc. [R] 2013
300 ## - DESCRIPCION FISICA [R]
Extensión [R] 145 páginas
Otros detalles físicos [NR] ilustraciones
650 #7 - ASIENTO SECUNDARIO DE MATERIA - TERMINO TEMATICO [R]
Término temático o nombre geográfico como elemento de entrada [NR] Personas con discapacidad
Subdivisión general [R] Ejercicio
9 (RLIN) 21433
650 #7 - ASIENTO SECUNDARIO DE MATERIA - TERMINO TEMATICO [R]
Término temático o nombre geográfico como elemento de entrada [NR] Educación física para personas con discapacidades
9 (RLIN) 13830
650 #7 - ASIENTO SECUNDARIO DE MATERIA - TERMINO TEMATICO [R]
Término temático o nombre geográfico como elemento de entrada [NR] Educación especial
9 (RLIN) 13824
942 ## - ELEMENTOS DE ENTRADA AGREGADOS (KOHA)
Sistema de clasificación NLM
Tema principal Ciencias de la salud
Tipo de ítem principal el descrito en 300a Libro de reserva
Edición 1
Clasificación QT 255
Parte restante de la signatura top. C314a
Existencias
Fecha de último préstamo Total préstamos Signatura topográfica Código de barras Última vez visto Ejemplar Costo de reposición Price effective from Tipo de ítem Perdido Sistema de clasificación Dañado No prestable Tipo de ítem específico Suprimido Ubicación habitual Ubicación actual Localización Fecha de creación Proveedor Forma de adquisición Costo Total Renewals
29/08/2025 5 QT 255 C314a 100157873 11/12/2025 Ej.1 67036.00 08/08/2018 Libro   NLM     Libro   Quinta de Mutis Quinta de Mutis 1er piso 08/08/2018 15 Compra 67036.00  
23/10/2025 5 QT 255 C314a 100157874 11/12/2025 Ej.2 67036.00 08/08/2018 Libro   NLM     Libro   Quinta de Mutis Quinta de Mutis 1er piso 08/08/2018 15 Compra 67036.00 4